[Event "Hessenliga 1819"]
[Site "Hessen"]
[Date "2018.12.09"]
[Round "4.5"]
[White "Reinert, Stephane"]
[Black "Schmidt, Alexander"]
[Result "0-1"]
[WhiteElo "2090"]
[BlackElo "2131"]
[PlyCount "74"]
[EventDate "2018.09.23"]
[EventType "team-tourn"]
[EventRounds "9"]
[EventCountry "GER"]
[SourceTitle "EXT 2020"]
[Source "ChessBase"]
[SourceDate "2019.10.17"]
[SourceVersion "1"]
[SourceVersionDate "2019.10.17"]
[SourceQuality "1"]
[WhiteTeam "Bad Nauheim"]
[BlackTeam "Bad Emstal/Wolfhagen"]
[WhiteTeamCountry "GER"]
[BlackTeamCountry "GER"]

1. d4 Nf6 2. Bg5 g6 3. Bxf6 exf6 4. e3 Bg7 5. g3 0-0 6. Bg2 d6 7. c4 Nc6 8. Nc3 f5 9. Nge2 Re8 10. 0-0 g5 11. Rb1 Ne7 12. b4 Ng6 13. c5 Bf8 14. Qc2 a6 15. a4 h5 16. e4 fxe4 17. Bxe4 Kg7 18. f4 gxf4 19. Nxf4 Qg5 20. Ncd5 c6 21. Nf6 Bg4 22. Nxe8+ Rxe8 23. Bxg6 fxg6 24. Rbe1 Rxe1 25. Rxe1 Qf6 26. Qe4 a5 27. Rf1 Qf5 28. Nxh5+ Qxh5 29. Qe8 Bf5 30. Qb8 dxc5 31. Qxb7+ Kh6 32. bxc5 Bg7 33. Rf4 Qd1+ 34. Kg2 Qe2+ 35. Kg1 Bh3 36. Rh4+ Kg5 37. Rxh3 Bxd4+ 0-1

[Event "Arco op 40th"]
[Site "Arco"]
[Date "2018.10.20"]
[Round "8"]
[White "Prosperi, Agostino"]
[Black "Reinert, Stephane"]
[Result "0-1"]
[WhiteElo "1839"]
[BlackElo "2090"]
[PlyCount "74"]
[EventDate "2018.10.13"]
[EventType "swiss"]
[EventRounds "9"]
[EventCountry "ITA"]
[SourceTitle "CBM 186 Extra"]
[Source "ChessBase"]
[SourceDate "2018.08.24"]
[SourceVersion "1"]
[SourceVersionDate "2018.08.24"]
[SourceQuality "1"]

1. e4 b6 2. d4 Bb7 3. Bd3 e6 4. Nf3 Nf6 5. Qe2 d5 6. e5 Ne4 7. Nbd2 Nxd2 8. Bxd2 c5 9. c3 Be7 10. 0-0 Nc6 11. Rac1 h6 12. Be3 c4 13. Bb1 b5 14. Ne1 Kd7 15. Nf3 a5 16. Rfd1 Ba6 17. Nd2 b4 18. Ne4 Ke8 19. Qg4 g5 20. Ng3 Bb5 21. Nh5 bxc3 22. Rxc3 Ba4 23. Rf1 Rb8 24. Bc1 Qb6 25. Rf3 Qxd4 26. Ng7+ Kd7 27. Qxd4 Nxd4 28. Rxf7 Ne2+ 29. Kh1 Nxc1 30. Rxc1 Rxb2 31. Nh5 Rhb8 32. Bg6 Bc2 33. Nf6+ Kd8 34. Bxc2 Rxc2 35. Rf1 Rxf2 36. Kg1 Rxf1+ 37. Kxf1 c3 0-1

[Event "Arco op 40th"]
[Site "Arco"]
[Date "2018.10.16"]
[Round "4"]
[White "Hahmann, Markus"]
[Black "Reinert, Stephane"]
[Result "1/2-1/2"]
[WhiteElo "1847"]
[BlackElo "2090"]
[PlyCount "73"]
[EventDate "2018.10.13"]
[EventType "swiss"]
[EventRounds "9"]
[EventCountry "ITA"]
[SourceTitle "CBM 186 Extra"]
[Source "ChessBase"]
[SourceDate "2018.08.24"]
[SourceVersion "1"]
[SourceVersionDate "2018.08.24"]
[SourceQuality "1"]

1. d4 b6 2. e4 Bb7 3. Nc3 e6 4. Bd3 Bb4 5. Qe2 Nf6 6. Bd2 d5 7. e5 Nfd7 8. a3 Be7 9. Qg4 g5 10. Nd1 c5 11. c3 Nc6 12. Ne2 h5 13. Qg3 Qc7 14. f4 g4 15. f5 0-0-0 16. f6 Bf8 17. h4 gxh3 18. Rxh3 Na5 19. Bc2 Ba6 20. b4 Bxe2 21. Kxe2 Nc4 22. Bf4 cxd4 23. cxd4 Kb7 24. Bd3 Nb8 25. Rc1 Nc6 26. Qf2 b5 27. Bxc4 dxc4 28. Be3 Bh6 29. Rh4 Bxe3 30. Qxe3 Rhg8 31. g3 Rg4 32. Rxg4 hxg4 33. Nc3 Nxd4+ 34. Kf2 Qc6 35. Ne4 Nf5 36. Qe2 Rh8 37. Kg1 1/2-1/2

[Event "Arco op 40th"]
[Site "Arco"]
[Date "2018.10.15"]
[Round "3"]
[White "Reinert, Stephane"]
[Black "Kostov, Deyan Samuil"]
[Result "1/2-1/2"]
[WhiteElo "2090"]
[BlackElo "1861"]
[PlyCount "173"]
[EventDate "2018.10.13"]
[EventType "swiss"]
[EventRounds "9"]
[EventCountry "ITA"]
[SourceTitle "CBM 186 Extra"]
[Source "ChessBase"]
[SourceDate "2018.08.24"]
[SourceVersion "1"]
[SourceVersionDate "2018.08.24"]
[SourceQuality "1"]

1. d4 d5 2. Bg5 f6 3. Bh4 Nh6 4. e3 Nf5 5. Bg3 h5 6. Be2 h4 7. Bh5+ Kd7 8. Bg4 hxg3 9. Bxf5+ e6 10. Bh3 gxf2+ 11. Kxf2 c6 12. c4 Qb6 13. Nc3 f5 14. Qc2 Ke8 15. cxd5 exd5 16. Nxd5 Qd8 17. Nc3 Qf6 18. Rf1 Be6 19. Ke1 g6 20. Nge2 Na6 21. a3 Rd8 22. Nf4 Bh6 23. Rf2 Rh7 24. Rhf1 Re7 25. Ne4 Qf7 26. Nd2 Bd5 27. Re2 Bxf4 28. Rxf4 Rd6 29. g4 Qh7 30. Bf1 Qh4+ 31. Kd1 fxg4 32. h3 Qh6 33. hxg4 Bf7 34. Ne4 Rde6 35. g5 Qh1 36. Nf6+ Kd8 37. e4 Rd6 38. e5 Rde6 39. Rh2 Qg1 40. Rg2 Qe3 41. Rgg4 Rxe5 42. dxe5 Bb3 43. Rd4+ Kc7 44. Nd5+ Bxd5 45. Rd3 Qxe5 46. Qd2 Nc5 47. Rxd5 Qxd5 48. Qxd5 cxd5 49. Bg2 Kd6 50. Rf4 Nd7 51. Bh3 Ke5 52. Rf2 Rh7 53. Bxd7 Rxd7 54. Rf6 Rd6 55. Rf7 Rb6 56. Kc2 d4 57. b4 Ke4 58. Kd2 d3 59. Rd7 Rb5 60. Rc7 Kf5 61. Kxd3 Kxg5 62. Kc4 Rb6 63. b5 Kf5 64. a4 g5 65. a5 Rf6 66. Rxb7 g4 67. Rxa7 g3 68. Rd7 g2 69. Rd1 Ke6 70. Rg1 Rf2 71. Kc5 Kd7 72. Kb6 Kc8 73. Ka7 Rf7+ 74. Ka6 Rf2 75. b6 Kb8 76. Re1 Rf8 77. Kb5 Rf5+ 78. Kc6 Rf6+ 79. Kb5 Rf5+ 80. Ka6 Rf8 81. Rg1 Rf2 82. Kb5 Rf5+ 83. Kc6 Rf6+ 84. Kd7 Rg6 85. Ke7 Kb7 86. Kf7 Rg5 87. Kf6 1/2-1/2

[Event "Hessenliga 1718"]
[Site "Hessen"]
[Date "2018.04.15"]
[Round "9.8"]
[White "Reinert, Stephane"]
[Black "Arbinger, Roland"]
[Result "0-1"]
[WhiteElo "2113"]
[BlackElo "2051"]
[PlyCount "116"]
[EventDate "2017.09.17"]
[EventType "team-tourn"]
[EventRounds "9"]
[EventCountry "GER"]
[SourceTitle "CBM 189 Extra"]
[Source "ChessBase"]
[SourceDate "2019.06.03"]
[SourceVersion "1"]
[SourceVersionDate "2019.06.03"]
[SourceQuality "1"]
[WhiteTeam "Bad Nauheim"]
[BlackTeam "Giessen"]
[WhiteTeamCountry "GER"]
[BlackTeamCountry "GER"]

1. d4 d5 2. Nf3 Nf6 3. e3 g6 4. Be2 Bg7 5. Ne5 Nbd7 6. f4 0-0 7. Nc3 c6 8. Bd2 Ne8 9. 0-0 Nd6 10. Bf3 Nf6 11. a4 Bf5 12. g4 Be4 13. Nxe4 Nfxe4 14. Bb4 f6 15. Nd3 b6 16. b3 Rc8 17. c4 c5 18. dxc5 bxc5 19. Ba3 dxc4 20. bxc4 Qa5 21. Rc1 Rfd8 22. Qc2 e6 23. Nf2 Nd2 24. Be2 Nxf1 25. Rxf1 f5 26. Rb1 Qc3 27. Qxc3 Bxc3 28. Rb3 Bd2 29. Kg2 a5 30. Kf3 Bb4 31. Bb2 Ne4 32. Nxe4 fxe4+ 33. Kxe4 Rd2 34. Kf3 Rcd8 35. h4 Rc2 36. Bf6 Rdd2 37. Bd3 Ra2 38. h5 Kf7 39. g5 Rxa4 40. hxg6+ hxg6 41. Be4 Raa2 42. Rb1 Rh2 43. Kg3 a4 44. Bc6 a3 45. e4 Rag2+ 46. Kf3 a2 47. Rf1 Rd2 48. f5 gxf5 49. exf5 exf5 50. Bd5+ Kg6 51. Bc6 Rd3+ 52. Kf4 Rh4+ 53. Ke5 Bc3+ 54. Ke6 Re3+ 55. Kd5 Bxf6 56. gxf6 Kxf6 57. Kxc5 Ra3 58. Ra1 Rhh3 0-1

[Event "Hessenliga 1617"]
[Site "Hessen"]
[Date "2016.10.09"]
[Round "2.7"]
[White "Schupp, Uwe"]
[Black "Reinert, Stephane"]
[Result "1-0"]
[WhiteElo "2079"]
[BlackElo "2113"]
[PlyCount "71"]
[EventDate "2016.09.18"]
[EventType "team-tourn"]
[EventRounds "9"]
[EventCountry "GER"]
[SourceTitle "EXT 2018"]
[Source "ChessBase"]
[SourceDate "2017.10.13"]
[SourceVersion "1"]
[SourceVersionDate "2017.10.13"]
[SourceQuality "1"]
[WhiteTeam "Gernsheim"]
[BlackTeam "Bad Nauheim"]
[WhiteTeamCountry "GER"]
[BlackTeamCountry "GER"]

1. g3 Nc6 2. Bg2 d5 3. Nf3 e5 4. d3 f6 5. 0-0 Be6 6. Nbd2 Bc5 7. c4 a6 8. a3 Nge7 9. b4 Ba7 10. Bb2 Qd7 11. Re1 0-0 12. cxd5 Bxd5 13. Nb3 Nd4 14. Bxd4 exd4 15. Rc1 Qa4 16. Nbxd4 Qxa3 17. e4 Bf7 18. Rxc7 Bxd4 19. Nxd4 Qxb4 20. Qb1 Qxd4 21. Rxe7 b5 22. e5 Rae8 23. exf6 Qxf6 24. Rxe8 Rxe8 25. Rxe8+ Bxe8 26. Bb7 Bf7 27. Qc1 Qe6 28. Qc3 g6 29. Qa5 Qa2 30. Qxa2 Bxa2 31. Bxa6 b4 32. Kf1 Bb1 33. Ke2 Kg7 34. Kd2 Kf6 35. Bc4 Ke5 36. Kc1 1-0

[Event "Arco op 37th"]
[Site "Arco"]
[Date "2015.10.15"]
[Round "6"]
[White "Reinert, Stephane"]
[Black "Dittmar, Peter"]
[Result "1/2-1/2"]
[WhiteElo "2094"]
[BlackElo "2286"]
[PlyCount "74"]
[EventDate "2015.10.10"]
[EventType "swiss"]
[EventRounds "9"]
[EventCountry "ITA"]
[SourceTitle "CBM 168 Extra"]
[Source "ChessBase"]
[SourceDate "2015.10.29"]
[SourceVersion "1"]
[SourceVersionDate "2015.10.29"]
[SourceQuality "1"]

1. Nc3 d5 2. e4 dxe4 3. Nxe4 Bf5 4. Ng3 Bg6 5. Nf3 Nd7 6. Bc4 e6 7. h4 h6 8. d3 Ngf6 9. h5 Bh7 10. Qe2 Bd6 11. Bd2 Nb6 12. Bb3 a5 13. a3 a4 14. Ba2 Nbd5 15. Ne5 c6 16. 0-0-0 Qe7 17. Kb1 Ra6 18. Nc4 Bc7 19. Ne4 0-0 20. g4 b5 21. Nxf6+ Qxf6 22. Ne3 Bf4 23. Rdf1 Qg5 24. Nxd5 cxd5 25. Bxf4 Qxf4 26. Qe3 Qxe3 27. fxe3 Rb8 28. Rf4 Rab6 29. Rb4 Kf8 30. Kc1 f6 31. Kd2 Ke7 32. b3 axb3 33. Bxb3 Kd6 34. Rb1 Bg8 35. e4 dxe4 36. Rxe4 Ra8 37. Rbe1 e5 1/2-1/2

[Event "Arco op 37th"]
[Site "Arco"]
[Date "2015.10.13"]
[Round "4"]
[White "Reinert, Stephane"]
[Black "Pipitone, Antonio"]
[Result "1-0"]
[WhiteElo "2094"]
[BlackElo "1854"]
[PlyCount "79"]
[EventDate "2015.10.10"]
[EventType "swiss"]
[EventRounds "9"]
[EventCountry "ITA"]
[SourceTitle "CBM 168 Extra"]
[Source "ChessBase"]
[SourceDate "2015.10.29"]
[SourceVersion "1"]
[SourceVersionDate "2015.10.29"]
[SourceQuality "1"]

1. d4 Nf6 2. Bg5 Ne4 3. Bf4 d5 4. f3 Nf6 5. e4 e6 6. e5 Nfd7 7. Be3 c5 8. c3 Nc6 9. f4 Qa5 10. dxc5 d4 11. Bxd4 Nxd4 12. b4 Qc7 13. Qxd4 b6 14. cxb6 Nxb6 15. Bb5+ Bd7 16. Bxd7+ Nxd7 17. Ne2 a5 18. Qe4 Rb8 19. a3 Be7 20. Nd2 0-0 21. 0-0 Rfd8 22. Nb3 a4 23. Na5 Rdc8 24. Rac1 Bc5+ 25. Kh1 Bb6 26. c4 Bxa5 27. c5 Qa7 28. bxa5 Qxa5 29. c6 Nc5 30. Qf3 Rb3 31. Rc3 Rxc3 32. Nxc3 h6 33. f5 Qc7 34. fxe6 Nxe6 35. Nd5 Ng5 36. Nxc7 Nxf3 37. Nd5 Nd2 38. Ne7+ Kf8 39. Nxc8 Nxf1 40. c7 1-0

[Event "Arco op 37th"]
[Site "Arco"]
[Date "2015.10.11"]
[Round "2"]
[White "Reinert, Stephane"]
[Black "Kveinys, Aloyzas"]
[Result "0-1"]
[WhiteElo "2094"]
[BlackElo "2511"]
[PlyCount "56"]
[EventDate "2015.10.10"]
[EventType "swiss"]
[EventRounds "9"]
[EventCountry "ITA"]
[SourceTitle "CBM 168 Extra"]
[Source "ChessBase"]
[SourceDate "2015.10.29"]
[SourceVersion "1"]
[SourceVersionDate "2015.10.29"]
[SourceQuality "1"]

1. d4 Nf6 2. Bg5 c5 3. Bxf6 gxf6 4. d5 f5 5. e3 Qb6 6. Qc1 Bg7 7. c3 e6 8. Bc4 Na6 9. Ne2 Nc7 10. e4 fxe4 11. Qg5 0-0 12. Nd2 exd5 13. Bxd5 Nxd5 14. Qxd5 Qxb2 15. 0-0 d6 16. Rfd1 Be6 17. Qxe4 d5 18. Qf3 Rad8 19. Nb3 d4 20. Rd2 Qa3 21. Rad1 d3 22. Nf4 c4 23. Qg3 Kh8 24. Nd4 Qxc3 25. Ndxe6 fxe6 26. Nxe6 Rfe8 27. Nxd8 Qxd2 28. Nf7+ Kg8 0-1

[Event "Arco op 37th"]
[Site "Arco"]
[Date "2015.10.10"]
[Round "1"]
[White "Taufer, Livio"]
[Black "Reinert, Stephane"]
[Result "0-1"]
[WhiteElo "1759"]
[BlackElo "2094"]
[PlyCount "36"]
[EventDate "2015.10.10"]
[EventType "swiss"]
[EventRounds "9"]
[EventCountry "ITA"]
[SourceTitle "CBM 168 Extra"]
[Source "ChessBase"]
[SourceDate "2015.10.29"]
[SourceVersion "1"]
[SourceVersionDate "2015.10.29"]
[SourceQuality "1"]

1. d4 Nc6 2. Nf3 d5 3. e3 Bg4 4. Bd3 e5 5. dxe5 Nxe5 6. Be2 Nxf3+ 7. Bxf3 Bxf3 8. Qxf3 Nf6 9. 0-0 Bd6 10. h3 Qe7 11. Qe2 g5 12. Nd2 0-0-0 13. c3 h5 14. g3 Qe5 15. Kg2 h4 16. Nf3 Qe4 17. g4 Nxg4 18. Kg1 Rdg8 0-1

[Event "Hessenliga 1516"]
[Site "Germany"]
[Date "2015.09.27"]
[Round "1.6"]
[White "Schupp, Uwe"]
[Black "Reinert, Stephane"]
[Result "0-1"]
[WhiteElo "2067"]
[BlackElo "2094"]
[PlyCount "106"]
[EventDate "2015.09.27"]
[EventType "team-tourn"]
[EventRounds "9"]
[EventCountry "GER"]
[SourceTitle "EXT 2018"]
[Source "ChessBase"]
[SourceDate "2017.10.13"]
[SourceVersion "1"]
[SourceVersionDate "2017.10.13"]
[SourceQuality "1"]
[WhiteTeam "Gernsheim"]
[BlackTeam "Bad Nauheim"]
[WhiteTeamCountry "GER"]
[BlackTeamCountry "GER"]

1. g3 Nc6 2. Bg2 d5 3. c4 d4 4. d3 e5 5. Nf3 Nf6 6. 0-0 Bd6 7. e3 0-0 8. exd4 Nxd4 9. Nxd4 exd4 10. Na3 c5 11. Qd2 a6 12. Nc2 Rb8 13. b4 b6 14. Rb1 Bf5 15. Ba3 Ng4 16. Rb3 Qf6 17. Rfb1 Rbe8 18. bxc5 bxc5 19. Rb6 Re6 20. Rxd6 Rxd6 21. Bxc5 Bxd3 22. Bxd6 Bxc2 23. Qxc2 Qxd6 24. c5 Qe7 25. c6 Rc8 26. Qf5 Qe6 27. Qxe6 fxe6 28. Bh3 h5 29. f3 Rxc6 30. fxg4 e5 31. Rd1 hxg4 32. Bxg4 Kf7 33. Rd2 Ke7 34. Kf2 Rc3 35. Bf5 Kd6 36. Re2 a5 37. h4 Kd5 38. Be4+ Kd6 39. Rb2 Ra3 40. Bc2 Kc5 41. Bb3 a4 42. Rc2+ Kd6 43. Bg8 e4 44. Rc8 Rf3+ 45. Kg2 Rd3 46. Rc4 Rd2+ 47. Kf1 e3 48. Rxa4 d3 49. Bb3 Ke5 50. Rf4 Rb2 51. Rf8 Rb1+ 52. Kg2 e2 53. Re8+ Kd4 0-1

[Event "Hessenliga 1415"]
[Site "Hessen"]
[Date "2014.11.16"]
[Round "3.5"]
[White "Neininger, Ralph"]
[Black "Reinert, Stephane"]
[Result "0-1"]
[WhiteElo "2125"]
[BlackElo "2059"]
[PlyCount "79"]
[EventDate "2014.09.28"]
[EventType "team-tourn"]
[EventRounds "9"]
[EventCountry "GER"]
[SourceTitle "EXT 2016"]
[Source "ChessBase"]
[SourceDate "2015.10.08"]
[SourceVersion "1"]
[SourceVersionDate "2015.10.08"]
[SourceQuality "1"]
[WhiteTeam "Frankfurt TV"]
[BlackTeam "Bad Nauheim"]
[WhiteTeamCountry "GER"]
[BlackTeamCountry "GER"]

1. Nf3 Nc6 2. d4 d5 3. g3 Bg4 4. Bg2 Qd7 5. Nbd2 Bh3 6. 0-0 h5 7. c3 h4 8. e4 hxg3 9. fxg3 Bxg2 10. Kxg2 Qh3+ 11. Kg1 Nf6 12. exd5 Nxd5 13. Qe2 f6 14. c4 Nb6 15. d5 Nd8 16. Ne4 e5 17. Be3 Nf7 18. Rad1 0-0-0 19. a3 Nh6 20. Bxh6 Rxh6 21. b4 Be7 22. Nc3 Qg4 23. c5 Nc4 24. Ne4 b5 25. a4 a6 26. axb5 axb5 27. Nc3 Rdh8 28. Rf2 Qd7 29. Ra1 c6 30. Qe4 f5 31. dxc6 fxe4 32. cxd7+ Kxd7 33. Nxe4 Ne3 34. Nxe5+ Ke6 35. Nd3 Rd8 36. Ra6+ Kd7 37. Ne5+ Ke8 38. Rf7 Rxa6 39. Rf3 Nc4 40. Nd3 0-1

[Event "Arco op 36th"]
[Site "Arco"]
[Date "2014.10.10"]
[Round "7"]
[White "Medancic, Rikard"]
[Black "Reinert, Stephane"]
[Result "1/2-1/2"]
[WhiteElo "2202"]
[BlackElo "2059"]
[PlyCount "94"]
[EventDate "2014.10.04"]
[EventType "swiss"]
[EventRounds "9"]
[EventCountry "ITA"]
[SourceTitle "CBM 162 Extra"]
[Source "ChessBase"]
[SourceDate "2014.10.17"]
[SourceVersion "1"]
[SourceVersionDate "2014.10.17"]
[SourceQuality "1"]

1. Nf3 Nc6 2. e4 Nf6 3. e5 Ng4 4. d4 d6 5. h3 Nh6 6. Bxh6 gxh6 7. exd6 cxd6 8. c3 Bg7 9. Nbd2 0-0 10. d5 Ne5 11. Nxe5 Bxe5 12. Bd3 e6 13. dxe6 fxe6 14. Qe2 Qf6 15. Nf3 Bxc3+ 16. Kf1 Ba5 17. Rc1 Rf7 18. Rc2 Bd7 19. Bb5 Bxb5 20. Qxb5 Bb6 21. h4 Qg6 22. Qe2 Rg7 23. Rh2 Rf8 24. h5 Qg4 25. Rc4 Qf5 26. Qc2 Qb5 27. a4 Qd5 28. Rh3 e5 29. Rc8 Rgf7 30. Rh4 Qe6 31. Rxf8+ Rxf8 32. Qe4 Qf5 33. b4 a6 34. Rg4+ Kh8 35. Qxf5 Rxf5 36. a5 Ba7 37. Rc4 Kg7 38. Rc2 e4 39. Nh4 Rf7 40. g4 Kf6 41. Nf5 Ke5 42. Rc8 Kd5 43. Rd8 Ke5 44. Re8+ Kd5 45. Ra8 b6 46. Rd8 bxa5 47. Rxd6+ Ke5 1/2-1/2

[Event "Arco op 36th"]
[Site "Arco"]
[Date "2014.10.09"]
[Round "6"]
[White "Reinert, Stephane"]
[Black "De Eccher, Stefano"]
[Result "1-0"]
[WhiteElo "2059"]
[BlackElo "2237"]
[PlyCount "73"]
[EventDate "2014.10.04"]
[EventType "swiss"]
[EventRounds "9"]
[EventCountry "ITA"]
[SourceTitle "CBM 162 Extra"]
[Source "ChessBase"]
[SourceDate "2014.10.17"]
[SourceVersion "1"]
[SourceVersionDate "2014.10.17"]
[SourceQuality "1"]

1. d4 d5 2. Nf3 c6 3. e3 Bf5 4. Bd3 Bxd3 5. Qxd3 Nf6 6. Nbd2 Nbd7 7. b3 g6 8. Bb2 Bg7 9. 0-0 0-0 10. Rfe1 Re8 11. e4 dxe4 12. Nxe4 Nxe4 13. Qxe4 Qc7 14. Rad1 Rad8 15. Qh4 Nf6 16. Ng5 h6 17. Ne4 Nxe4 18. Qxe4 c5 19. g3 Qa5 20. Re3 cxd4 21. Red3 e5 22. Qxb7 Qxa2 23. Rf3 f5 24. Ra1 Qxa1+ 25. Bxa1 e4 26. Rf4 Rf8 27. g4 Be5 28. gxf5 Rf7 29. Qxe4 Bxf4 30. Qxf4 Rxf5 31. Qxh6 Rd6 32. Bxd4 Kf7 33. Qg7+ Ke8 34. Be3 a5 35. c4 Rf7 36. Qe5+ Kd7 37. Qxa5 1-0

[Event "Arco op 36th"]
[Site "Arco"]
[Date "2014.10.08"]
[Round "5"]
[White "Reinert, Stephane"]
[Black "Alkhaldi, Bader"]
[Result "1-0"]
[WhiteElo "2059"]
[BlackElo "1932"]
[PlyCount "57"]
[EventDate "2014.10.04"]
[EventType "swiss"]
[EventRounds "9"]
[EventCountry "ITA"]
[SourceTitle "EXT 2016"]
[Source "ChessBase"]
[SourceDate "2015.10.08"]
[SourceVersion "1"]
[SourceVersionDate "2015.10.08"]
[SourceQuality "1"]

1. d4 Nf6 2. Bg5 Ne4 3. Bf4 g5 4. Bc1 h6 5. f3 Nf6 6. e4 c5 7. e5 Nd5 8. c4 Nb4 9. d5 Bg7 10. f4 gxf4 11. Bxf4 e6 12. Nc3 exd5 13. cxd5 d6 14. Bb5+ Kf8 15. Nf3 Bf5 16. 0-0 Nd7 17. a3 Nc2 18. Bxd7 Qxd7 19. Rc1 dxe5 20. Nxe5 Bxe5 21. Bxe5 Rg8 22. Qh5 Bd3 23. Qxh6+ Ke8 24. Rf3 c4 25. Qd2 Qe7 26. Rxc2 Bxc2 27. Re3 Kd7 28. Qxc2 Rae8 29. Qf5+ 1-0

[Event "Wiesbaden op 25th"]
[Site "Wiesbaden"]
[Date "2013.08.23"]
[Round "3"]
[White "Schellen, Sven"]
[Black "Reinert, Stephane"]
[Result "1/2-1/2"]
[WhiteElo "1805"]
[BlackElo "2050"]
[PlyCount "69"]
[EventDate "2013.08.22"]
[EventType "swiss"]
[EventRounds "7"]
[EventCountry "GER"]
[SourceTitle "EXT 2014"]
[Source "ChessBase"]
[SourceDate "2013.11.20"]
[SourceVersion "1"]
[SourceVersionDate "2013.11.20"]
[SourceQuality "1"]

1. d4 Nc6 2. Nf3 d5 3. g3 Bg4 4. Bg2 Nf6 5. Nbd2 e6 6. 0-0 Bd6 7. b3 0-0 8. Bb2 Re8 9. Ne5 Bh5 10. Rc1 Nd7 11. Nxd7 Qxd7 12. c4 Nb4 13. a3 Nd3 14. Rc2 Nxb2 15. Rxb2 Bxa3 16. Ra2 Bb4 17. Nf3 f6 18. Qa1 a5 19. c5 b6 20. Ne1 bxc5 21. Nd3 Qb5 22. Rc1 cxd4 23. Nxb4 Qxb4 24. Rxc7 Bg6 25. h4 Reb8 26. Bh3 f5 27. e3 Qd6 28. Rac2 Qe5 29. exd4 Qe4 30. Qd1 Rb4 31. Rd2 a4 32. Bg2 Qg4 33. Bf3 Qh3 34. Bg2 Qg4 35. Bf3 1/2-1/2

[Event "Wiesbaden op 24th"]
[Site "Wiesbaden"]
[Date "2012.08.26"]
[Round "6"]
[White "Reinert, Stephane"]
[Black "Wagner, Stefan1111"]
[Result "1-0"]
[WhiteElo "2050"]
[BlackElo "1955"]
[PlyCount "55"]
[EventDate "2012.08.23"]
[EventType "swiss"]
[EventRounds "7"]
[EventCountry "GER"]
[SourceTitle "CBM 150 Extra"]
[Source "ChessBase"]
[SourceDate "2012.10.19"]
[SourceVersion "1"]
[SourceVersionDate "2012.10.19"]
[SourceQuality "1"]

1. d4 d5 2. Bg5 h6 3. Bh4 c5 4. dxc5 Qa5+ 5. Qd2 Qxd2+ 6. Nxd2 e5 7. Nb3 a5 8. a4 Na6 9. 0-0-0 f6 10. e3 Be6 11. Bb5+ Kf7 12. c6 b6 13. f4 g5 14. Bf2 Nc5 15. fxe5 Ne4 16. Rf1 f5 17. Nf3 Bg7 18. Nbd4 Ne7 19. g4 fxg4 20. Nd2 Nc5 21. Bg3+ Kg6 22. Nxe6 Nxe6 23. Bd3+ Kh5 24. h3 gxh3 25. Rxh3+ Kg4 26. Rfh1 Rhf8 27. Be1 Bxe5 28. Rxh6 1-0

[Event "Wiesbaden op 23rd"]
[Site "Wiesbaden"]
[Date "2011.08.25"]
[Round "1"]
[White "Dyga, Ryszard Adam"]
[Black "Reinert, Stephane"]
[Result "0-1"]
[WhiteElo "1580"]
[BlackElo "2070"]
[PlyCount "102"]
[EventDate "2011.08.25"]
[EventType "swiss"]
[EventRounds "7"]
[EventCountry "GER"]
[SourceTitle "CBM 144 Extra"]
[Source "ChessBase"]
[SourceDate "2011.10.28"]
[SourceVersion "1"]
[SourceVersionDate "2011.10.28"]
[SourceQuality "1"]

1. e4 Nc6 2. d4 e5 3. Nf3 exd4 4. Nxd4 Qh4 5. Nxc6 Qxe4+ 6. Qe2 Qxe2+ 7. Bxe2 bxc6 8. Bf4 d6 9. Bf3 Ne7 10. 0-0 Rb8 11. b3 Nd5 12. Bd2 Be6 13. Nc3 Be7 14. Ne4 0-0 15. c4 Nb4 16. Ng5 Bf5 17. Bxb4 Rxb4 18. Be4 Bxe4 19. Nxe4 f5 20. Nc3 Bf6 21. Rac1 Re8 22. Rfd1 Kf7 23. Kf1 Re5 24. Ne2 Ra5 25. Rc2 Ra3 26. Nd4 Bxd4 27. Rxd4 a5 28. Rcd2 a4 29. bxa4 Rbxa4 30. c5 Rxd4 31. Rxd4 d5 32. Rd2 Rc3 33. Rb2 Rxc5 34. Rb7 Rc2 35. Rxc7+ Kf6 36. a4 c5 37. a5 c4 38. a6 Ra2 39. Rc6+ Ke5 40. g3 g5 41. h4 gxh4 42. gxh4 Kd4 43. Rf6 Kd3 44. Rxf5 Ra1+ 45. Kg2 d4 46. Rf7 Rxa6 47. Rxh7 Rc6 48. Ra7 c3 49. Ra3 Kd2 50. Ra2+ c2 51. f4 Kd1 0-1

[Event "Rhein Main op-A 14th"]
[Site "Bad Homburg"]
[Date "2011.06.26"]
[Round "7"]
[White "Baskin, Robert"]
[Black "Reinert, Stephane"]
[Result "1/2-1/2"]
[WhiteElo "1977"]
[BlackElo "2070"]
[PlyCount "59"]
[EventDate "2011.06.22"]
[EventType "swiss"]
[EventRounds "7"]
[EventCountry "GER"]
[SourceTitle "EXT 2012"]
[Source "ChessBase"]
[SourceDate "2011.11.24"]
[SourceVersion "1"]
[SourceVersionDate "2011.11.24"]
[SourceQuality "1"]

1. e4 e5 2. Nf3 Nc6 3. Bb5 f5 4. d3 fxe4 5. dxe4 Nf6 6. 0-0 Bc5 7. Bxc6 bxc6 8. Nxe5 0-0 9. Bg5 d6 10. Nd3 Bb6 11. Nd2 Qe8 12. Bxf6 Rxf6 13. Kh1 Qg6 14. Qe2 Ba6 15. f4 Raf8 16. c4 Bd4 17. Nf3 c5 18. Nxd4 cxd4 19. b3 Bb7 20. Rae1 Re8 21. f5 Qf7 22. Qg4 Rh6 23. Rf4 Qf6 24. Ref1 Kh8 25. Kg1 Rg8 26. h4 g6 27. Qg5 gxf5 28. Rxf5 Qxg5 29. hxg5 Rhg6 30. Nf4 1/2-1/2

[Event "Rhein Main op-A 14th"]
[Site "Bad Homburg"]
[Date "2011.06.23"]
[Round "3"]
[White "Paoli, Heiko"]
[Black "Reinert, Stephane"]
[Result "1/2-1/2"]
[WhiteElo "1757"]
[BlackElo "2070"]
[PlyCount "53"]
[EventDate "2011.06.22"]
[EventType "swiss"]
[EventRounds "7"]
[EventCountry "GER"]
[SourceTitle "EXT 2012"]
[Source "ChessBase"]
[SourceDate "2011.11.24"]
[SourceVersion "1"]
[SourceVersionDate "2011.11.24"]
[SourceQuality "1"]

1. d4 d5 2. Nf3 Nc6 3. c4 Bg4 4. e3 e6 5. cxd5 exd5 6. Bb5 Bb4+ 7. Bd2 Bxd2+ 8. Nbxd2 Nge7 9. 0-0 0-0 10. a3 Qd6 11. Rc1 f5 12. Qc2 f4 13. Qc5 fxe3 14. fxe3 Rad8 15. b4 Qxc5 16. Rxc5 Rf6 17. Rfc1 a6 18. Ba4 Re6 19. Kf2 Bf5 20. R5c3 h6 21. Bc2 Bxc2 22. R1xc2 Nf5 23. g4 Nd6 24. Rc5 Ne4+ 25. Nxe4 Rxe4 26. h3 Re6 27. R2c3 1/2-1/2

[Event "Agueimes op 1st"]
[Site "Agueimes"]
[Date "2011.04.28"]
[Round "5"]
[White "Reinert, Stephane"]
[Black "Raddatz, Michael"]
[Result "0-1"]
[WhiteElo "2104"]
[BlackElo "2046"]
[PlyCount "88"]
[EventDate "2011.04.24"]
[EventType "swiss"]
[EventRounds "5"]
[EventCountry "ESP"]
[SourceTitle "CBM 142 Extra"]
[Source "ChessBase"]
[SourceDate "2011.06.27"]
[SourceVersion "1"]
[SourceVersionDate "2011.06.27"]
[SourceQuality "1"]

1. d4 Nf6 2. Bg5 Ne4 3. Bf4 c5 4. f3 Nf6 5. dxc5 Qa5+ 6. Qd2 Qxc5 7. Nc3 Nc6 8. e4 d6 9. Nb5 Qb6 10. Be3 Qd8 11. Qf2 g6 12. 0-0-0 Bg7 13. h4 0-0 14. Bc4 Bd7 15. g4 Ne5 16. Na3 Nxc4 17. Nxc4 Be6 18. Nd2 Qa5 19. a3 Rfc8 20. Bd4 Qa4 21. Nb1 Rc7 22. Nc3 Qa5 23. Nge2 b5 24. g5 Nd7 25. Bxg7 Kxg7 26. h5 b4 27. axb4 Qxb4 28. hxg6 fxg6 29. Qh4 Nf8 30. Qh6+ Kg8 31. Nf4 Rb8 32. Rd3 Bf7 33. Kd2 Qc5 34. Nfd5 Bxd5 35. exd5 Rxb2 36. Qh4 Rb4 37. Qe1 Rc4 38. Qe3 Qxe3+ 39. Rxe3 Nd7 40. Rxe7 Rxc3 41. Rhxh7 Rxc2+ 42. Ke3 R7c3+ 43. Kd4 Ne5 44. f4 Rd3+ 0-1